000 00352 a2200109 4500
020 _a0824789911 (alk. paper)
082 _a628.168 ZOL
245 _aGroundwater contamination and control /
_cedited by Uri Zoller.
260 _aNew York :
_bM. Dekker,
_c1994.
300 _axii, 712 p. :
_bill., maps ;
_c26 cm.
650 _aGroundwater
_xPollution.
650 _aGroundwater
_xManagement.
999 _c1697
_d1697